| 000 | 00460ntaaa2200181 4500 | ||
|---|---|---|---|
| 003 | 01 | ||
| 005 | 20251027201919.0 | ||
| 008 | 0714s1973 ag 01 | ||
| 040 |
_aAR-BaBN _bspa _cAR-BaBN _eaacr _dRIC |
||
| 082 | _a244.1000 Za6 | ||
| 100 |
_aZambrano, Julieta _917651 |
||
| 245 | _aNiño Moisés | ||
| 250 |
_a1 ed. : _bLa Aurora, _c1943 |
||
| 300 | _a81 p. | ||
| 500 | _a"historias bíblicas para niños" | ||
| 650 |
_aHistorias Bíblicas _910167 |
||
| 942 | _cBK | ||
| 999 |
_c13835 _d13835 |
||